000 00846nam a2200205 i 4500
001 167954
003 ES-MaACL
005 20230906213636.0
008 051003s1895 gw f |||| | ger d
100 1 _aWislicenus, Georg (
_d1858-1927)
_9133948
245 1 0 _aUnsere Kriegsflotte
_b: dem deutschen Volke in Wort und Bild dargestellt /
_cvon George Wislicenus ; unter Mitwirkung der Marinemaler Carl Saltzmann, Friedr. Schwinge, Willy Stöwer.
260 _aLeipzig :
_bF.A. Brockhaus,
_c1895.
300 _a46 p., [20] h. de lám. col. ;
_c43 x 58 cm.
599 _aLám. representan barcos.
650 4 _aBarcos de guerra-
_vObras ilustradas.
_9162672
700 1 _aSaltzmann, Carl.
_9168780
700 1 _aSchwinge, Friedrich.
_9168781
700 1 _aStöwer, Willy.
_9168782
852 4 _aES-MaACL
_jB-6725
_z- Enc. tela estampada en carpeta
999 _c167954
_d167954